000 00894nam a22003017a 4500
001 5894
003 FISKH
005 20250131084052.0
008 250131b cb ||||| |||| 00| 0 eng d
020 _a0590307452
040 _aFISKH
_beng
_cFISKH
_dFISKH
050 _aPZ7.
082 _a428.6
100 _aBlaxland, Wendy
_d(1949-)
245 _aOne frog, one fly /
_cWendy Blaxland ; illustrated by Stephen Michael King
250 _aFirst printing in 1997
260 _aNew York :
_bScholastic,
_c1996.
300 _a7 pages :
_bcolor illustrations ;
_c22 cm
505 _aC
520 _aA fly, a frog and a snake meet, and guess who has a cold?
521 8 _a80
_bLexile
521 8 _aC
_bRaz-Plus
650 _2Frogs
_aRealistic fiction
650 _2Early reader
_aPurple tape
700 _aKing, Michael Stephen
_dillustrator
942 _2ddc
_cBK
_n0
999 _c5894
_d5894